mysqli: Table './ulib62015/stat_globaluid' is marked as crashed and should be repaired
select id from stat_globaluid where statuid='20260518005002_1176'
mysqli: Table './ulib62015/stat_globaluid' is marked as crashed and should be repaired
DELETE FROM stat_globaluid
WHERE id NOT IN (
SELECT id
FROM (
SELECT id
FROM stat_globaluid
ORDER BY id DESC
LIMIT 100
) foo
);
mysqli: Table './ulib62015/stat_globaluid' is marked as crashed and should be repaired
insert into stat_globaluid set
statuid='20260518005002_1176',
dt='1779040202',
phpself='/ULIB62015/dublinfull.php',
agent='Mozilla/5.0 AppleWebKit/537.36 (KHTML, like Gecko; compatible; ClaudeBot/1.0; +claudebot@anthropic.com)',
yea='2026',
mon='5',
dat='18',
ip='216.73.216.45'
mysqli: Table './ulib62015/stathist_viewbib_bib_type' is marked as crashed and should be repaired
insert into stathist_viewbib_bib_type set
dat='18' ,
mon='05' ,
yea='2026' ,
statuid='20260518005002_1176' ,
head='31565' ,
foot='marc' ,
dt='1779040202'
| LEADER : 01174nam 2200277 a 4500 |
| 001 31565 |
| 003 ULIB |
| 008 030417s2547 caua sb 001 0 tha |
| 020 ^a9749930568
|
| 060 4 ^aQT4^bส356 2547
|
| 245 10 ^aสรีรวิทยา /^cเรียบเรียงโดย คณาจารย์ภาควิชาสรีรวิทยา คณะแพทยศาสตร์ศิริราชพยาบาล มหาวิทยาลัยมหิดล ;^cวัฒนา วัฒนาภา, สุพัตรา โล่ห์สิริวัฒน์, สุพรพิมพ์ เจียสกุล, บรรณาธิการ
|
| 246 31 ^aสรีรวิทยา 1
|
| 250 ^aพิมพ์ครั้งที่ 5
|
| 260 ^aกรุงเทพฯ :^bภาควิชาสรีรวิทยา คณะแพทยศาสตร์ศิริราชพยาบาล มหาวิทยาลัยมหิดล,^c2547
|
| 300 ^a324 หน้า :^bภาพประกอบ;^c26 ซม.
|
| 650 4 ^aสรีรวิทยา
|
| 700 0 ^aวัฒนา วัฒนาภา,^eบรรณาธิการ
|
| 700 0 ^aสุพัตรา โล่ห์สิริวัฒน์,^eบรรณาธิการ
|
| 700 0 ^aสุพรพิมพ์ เจียสกุล,^eบรรณาธิการ
|
| 710 2 ^aมหาวิทยาลัยมหิดล.^bคณะแพทยศาสตร์ศิริราชพยาบาล.^bภาควิชาสรีรวิทยา
|
| 945 ^p280^l0^i011983
|
| 945 ^p0^l0^i011993 |
| 999 ^alib
|
| คุณยังไม่ได้ล็อกอิน คุณสามารถมีกิจกรรมร่วมกับเว็บไซต์ได้ แต่ต้องล็อกอินก่อน :: |
|
|
|
| ลำดับที่ |
ประเภท |
เลขเรียก/บาร์โค้ด |
สถานที่ |
สถานะ |
| 1. |
 หนังสือ | QT4 ส356 2547 ล.1 Barcode: 011983 | หนังสือทั่วไป | บนชั้น ขอยืม |
| 2. |
 หนังสือ สถานะ=หาย | QT4 ส356 2547 ล.2 Barcode: 011993 | หนังสือทั่วไป | บนชั้น ขอยืม |
รายการใกล้เคียง
หัวเรื่อง [สรีรวิทยา]
|
|
ยังไม่เคยถูกคอมเมนท์
|
| คอมเมนท์ทรัพยากรรายการนี้ |
|